• Iglesias, Pablo,

di Personal Name

Records bibliografici associati: 1

001 - CONTROL NUMBER

  • control field: 52831

003 - CONTROL NUMBER IDENTIFIER

  • control field: IT-RoINE

005 - DATE AND TIME OF LATEST TRANSACTION

  • control field: 20181002091823.0

008 - FIXED-LENGTH DATA ELEMENTS

  • fixed length control field: 181002|| aca||aabn | a|a d

040 ## - CATALOGING SOURCE

  • Original cataloging agency: IT-RoINE
  • Transcribing agency: IT-RoINE

100 ## - HEADING--PERSONAL NAME

  • Personal name: Iglesias, Pablo,
  • Dates associated with a name: 1850-1925
  • General subdivision: Crítica e interpretación

670 ## - SOURCE DATA FOUND

  • Source citation: Work cat.: (IT-RoINE)0: Fundación Pablo Iglesias (Madrid, España) 21686, Homenaje a Pablo Iglesias /, 1979.